00362nam a2200145Ia 450000100060000000800410000602000180004704000130006508200160007810000170009424500780011126000090018930000110019854600070020911909140331s9999 xx 000 0 und d a0-671-79718-2 cPK-LaUMT a 215bDAV-M aDavies, Paul 4aThe mind of god : The scientific basis for a rational worldcDavies, Paul c1992 a254 p. aEN